Johns - Statistics

General Stats
  • This quiz has been taken 20 times
  • The average score is 13 of 26
Answer Stats
Hint Hint Answer % Correct
John A 2nd president of the U.S. John Adams
100%
John L Member of the Beatles John Lennon
93%
John D Sang Rocky Mountain High John Denver
79%
John W Actor in True Grit, real name was Marion John Wayne
79%
John E Guitarist for The Who John Entwistle
64%
John K “Ask what you can do for your country” John F. Kennedy
64%
John H Known for his large signature John Hancock
64%
John V Actor in Midnight Cowboy John Voight
64%
John G Astronaught and U.S. Senator John Glenn
57%
John T 10th president of the U.S. John Tyler
57%
John N A mathematician John Nash Jr.
50%
John C A country singer Johnny Cash
50%
John R Guitarist of the Ramones Johnny Ramone
50%
John U Novelist and Poet John Updike
50%
John F Directed The Searchers John Ford
43%
John J A founding father John Jay
43%
John M The main character of Die Hard John McClane
43%
John S Actor on Full House John Stamos
43%
John O British-American comedian John Oliver
36%
John Y Astronaut and naval officer John Young
36%
John B Musclebound idiot with tall blond hair Johnny Bravo
29%
John P Lead singer of Blues Traveler John Popper
21%
John X A Lawyer John Xefos
21%
John Z Singer/songwriter John Zambetti
21%
John I Actor in The Fast and the Furious (1955) John Ireland
14%
John Q Canadian-American character actor John Qualen
14%
No matching quizzes found
Score Distribution
Percent of People with Each Score
Percentile by Number Answered
Your Score History
You have not taken this quiz